All Miraculous Superheroes - Statistics

General Stats
  • This quiz has been taken 117 times
  • The average score is 11 of 17
Answer Stats
Characters Superhero Name % Correct
Marinette Ladybug
99%
Alya Rena Rouge
95%
Chloe Queen Bee
94%
Nino Carapace
92%
Adrien Chat Noir
90%
Luka Viperion
87%
Kim King Monkey
84%
Max Pegasus
81%
Alix Bunnyx
75%
Kagami Ryuko
74%
Fei Wu Ladydragon
46%
Jessica Keynes Sparrow/Eagle
40%
Olympia Hill Majestia
35%
Dean Gate Doorman
32%
Aeon Uncanny Valley
27%
Barbara Keynes Knightowl
19%
Camilla Hombee Victory
13%
No matching quizzes found
Score Distribution
Percent of People with Each Score
Percentile by Number Answered
Your Score History
You have not taken this quiz